Statistiques concernant Coupe du Monde 2022: Liste de l'EDF - avec clubs

Cliquez ici pour prendre le quiz!

Statistiques générales

  • Ce quiz a été pris 661 fois
    (615 depuis la dernière actualisation)
  • Le résultat moyen est 22 sur 25

Statistiques - réponses

PosteJoueurClub% Correct
GardienHugo LlorisTottenham Hotspurs
100%
AttaquantAntoine GriezmannAtletico Madrid
96%
AttaquantKylian MbappéParis Saint-Germain
96%
DéfenseurLucas HernandezBayern Munich
95%
DéfenseurTheo HernandezAC Milan
95%
GardienAlphonse AréolaWest Ham
94%
AttaquantOlivier GiroudAC Milan
93%
GardienSteve MandandaStade Rennais
93%
DéfenseurBenjamin PavardBayern Munich
92%
AttaquantOusmane DembéléFC Barcelone
91%
DéfenseurRaphaël VaraneManchester United
91%
MilieuAdrien RabiotJuventus
89%
DéfenseurJules KoundéFC Barcelone
89%
MilieuAurélien TchouaméniReal Madrid
88%
AttaquantRandal Kolo MuaniEintracht Francfort
88%
MilieuEduardo CamavingaReal Madrid
87%
AttaquantKingsley ComanBayern Munich
85%
DéfenseurDayot UpamecanoBayern Munich
84%
DéfenseurIbrahima KonatéLiverpool
83%
AttaquantMarcus ThuramBorussia Mönchengladbach
81%
MilieuMattéo GuendouziOlympique de Marseille
81%
MilieuJordan VeretoutOlympique de Marseille
80%
DéfenseurWilliam SalibaArsenal
78%
MilieuYoussouf FofanaAS Monaco
72%
DéfenseurAxel DisasiAS Monaco
69%

Distribution des résultats

Percentile par nombre de réponses

% des personnes avec chaque résultat

Votre développement - résultats

Vous n’avez pas pris ce quiz depuis la dernière actualisation